| 000 | 01603nam a2200325Ia 4500 | ||
|---|---|---|---|
| 005 | 20220317001202.0 | ||
| 008 | 160825s2007 ck g 000 0 spa | ||
| 020 | _a97895804714012 | ||
| 100 | 1 |
_aLondon, Jack _d1876-1916 |
|
| 245 | 1 | 0 |
_aColmillo blanco _cJack London ; traducido por Pedro José Lama |
| 250 |
_a1a. edición _b5a. reimpresión |
||
| 300 |
_a229, 29 páginas (Paginación variada) _c21 cm |
||
| 490 | _aCara y cruz | ||
| 505 | _aEl rastro de la carne ; La loba ; El aullido del hambre ; La batalla de los colmillos ; La guarida ; El lobato gris ; El muro del mundo ; La ley de la carne ; Los hacedores de fuego ; El cautiverio ; El paria ; El rastro de los dioses ; El pacto | ||
| 600 | 1 | 4 |
_aLondon, Jack _d1876-1917 _xCrítica e interpretación _967346 |
| 650 | 1 | 4 |
_2LEMB _aNovela estadounidense _ySiglo XIX-XX |
| 650 | 1 | 4 |
_2LEMB _aLiteratura estadounidense _ySiglo XIX-XX |
| 650 | 1 | 4 |
_2LEMB _aOro en la literatura |
| 650 | 1 | 4 |
_2LEMB _aHistorias de aventuras |
| 650 | 1 | 4 |
_2LEMB _aLobos en la literatura |
| 700 |
_aLama, Pedro José _etraductor _967350 |
||
| 740 | 0 | 2 |
_aJack London vida y obra _aEl rastro de la carne _aLa loba _aEl aullido del hambre _aLa batalla de los colmillos _aLa guarida _aEl lobato gris _aEl muro del mundo _aLa ley de la carne _aLos hacedores de fuego _aEl cautiverio _aEl paria _aEl rastro de los d |
| 942 |
_2loc _cBKLIT |
||
| 264 |
_aBogotá _bNorma _c2007 |
||
| 336 |
_atexto _btxt _2rdacontent |
||
| 337 |
_asin mediación _bn _2rdamedia |
||
| 338 |
_avolumen _bnc _2rdacarrier |
||
| 040 |
_aCO-BoRNBP _bspa _erda _cCO-BoRNBP |
||
| 084 | _aN LON1 | ||
| 999 |
_c6177 _d6177 |
||